El estudio actual de la historia latinoamericana /

Đã lưu trong:
Chi tiết về thư mục
Tác giả chính: Morner, Magnus
Định dạng: Texto
Những chủ đề:
Các nhãn: Thêm thẻ
Không có thẻ, Là người đầu tiên thẻ bản ghi này!

MARC

LEADER 00000 a a2200000 04500
001 42952
003
040
100 |a Morner, Magnus  
245 |a El estudio actual de la historia latinoamericana /  |c Magnus Morner  
650 |a HISTORIA  
650 |a AMERICA LATINA  
650 |a ESTADOS UNIDOS  
650 |a EUROPA  
773 |g volumen4, número10 (1975), páginas 107-123  
999 |c 39700  |d 39700 
773 0 |0 18875  |9 5493  |a Universidad de Costa Rica.  |d San José, Costa Rica: Universidad de Costa Rica. Consejo Superior Universitario Centroamericano, 1972-  |o 14617  |t Estudios Sociales Centroamericanos /  |x 03039676